| 000 | 00660nam a2200229 a 4500 | ||
|---|---|---|---|
| 999 |
_c11491 _d11491 |
||
| 001 | 1148 | ||
| 003 | BD-JhCC | ||
| 005 | 20190928080241.0 | ||
| 008 | 190628b 2009bg a|||| ||a| 000 0 ben d | ||
| 020 | _a9847011700595 | ||
| 035 | _a(BD-JhCC)1148 | ||
| 040 |
_aBD-JhCC _dBD-JhCC |
||
| 041 | _aben | ||
| 082 |
_a891.443 _bDAT 2009 |
||
| 100 | _aদত্ত, হরিপদ | ||
| 245 |
_aমায়ের কাছে ফেরা / _cহরিপদ দত্ত । |
||
| 260 |
_aঢাকা: _bরোদেলা; _c২০০৯. |
||
| 300 |
_a৫৩ পৃ. : _bill; _c২৬ সেমি. |
||
| 650 | _aNovel | ||
| 942 |
_2ddc _cBK |
||